MARC details
| 000 -CABECERA |
| campo de control de longitud fija |
03362nam a2200373 i 4500 |
| 001 - NÚMERO DE CONTROL |
| campo de control |
000039751 |
| 003 - IDENTIFICADOR DEL NÚMERO DE CONTROL |
| campo de control |
DO-SdBNP |
| 005 - FECHA Y HORA DE LA ÚLTIMA TRANSACCIÓN |
| campo de control |
20250123094959.0 |
| 007 - CAMPO FIJO DE DESCRIPCIÓN FÍSICA--INFORMACIÓN GENERAL |
| campo de control de longitud fija |
ta |
| 008 - DATOS DE LONGITUD FIJA--INFORMACIÓN GENERAL |
| campo de control de longitud fija |
130718s2013 dr a r 000 0 spa d |
| 020 ## - NÚMERO INTERNACIONAL ESTÁNDAR DEL LIBRO |
| Número Internacional Estándar del Libro |
9789993427209 |
| 040 ## - FUENTE DE LA CATALOGACIÓN |
| Centro catalogador/agencia de origen |
DO-SdBNP |
| Lengua de catalogación |
spa |
| Centro/agencia transcriptor |
BNPHU |
| Normas de descripción |
rda |
| 041 ## - CÓDIGO DE LENGUA |
| Código de lengua del texto/banda sonora o título independiente |
spa |
| 082 #4 - NÚMERO DE LA CLASIFICACIÓN DECIMAL DEWEY |
| Número de clasificación |
972.93053 |
| Número de documento/Ítem |
V422v |
| Número de edición |
22 |
| 100 1# - ENTRADA PRINCIPAL--NOMBRE DE PERSONA |
| Nombre de persona |
Vega, Bernardo, |
| Fechas asociadas al nombre |
1938 - |
| Término indicativo de función/relación |
autor |
| Código de función/relación |
aut. |
| 9 (RLIN) |
3222 |
| 245 13 - MENCIÓN DE TÍTULO |
| Título |
La vida cotidiana dominicana a través del archivo particular del generalísimo / |
| Mención de responsabilidad, etc. |
Bernardo Vega ; cuidado de edición, José Chez Checo. |
| 250 ## - MENCIÓN DE EDICIÓN |
| Mención de edición |
Segunda edición |
| 264 #1 - PRODUCCIÓN, PUBLICACIÓN, DISTRIBUCIÓN, FABRICACIÓN Y COPYRIGHT |
| Producción, publicación, distribución, fabricación y copyright |
Santo Domingo República Dominicana : |
| Nombre del de productor, editor, distribuidor, fabricante |
Editora Fundación Cultural Dominicana, |
| Fecha de producción, publicación, distribución, fabricación o copyright |
2013. |
| 300 ## - DESCRIPCIÓN FÍSICA |
| Extensión |
214 páginas : |
| Otras características físicas |
ilustraciones ; |
| Dimensiones |
28 cm. |
| 336 ## - TIPO DE CONTENIDO |
| Término de tipo de contenido |
texto |
| Código de tipo de contenido |
txt |
| Fuente |
rdacontent |
| 337 ## - TIPO DE MEDIO |
| Nombre/término del tipo de medio |
sin mediación |
| Código del tipo de medio |
n |
| Fuente |
rdamedia |
| 338 ## - TIPO DE SOPORTE |
| Nombre/término del tipo de soporte |
volumen |
| Código del tipo de soporte |
nc |
| Fuente |
rdacarrier |
| 500 ## - NOTA GENERAL |
| Nota general |
Incluye índice onomástico |
| 500 ## - NOTA GENERAL |
| Nota general |
Incluye datos biográficos del autor en las solapas |
| 505 ## - NOTA DE CONTENIDO CON FORMATO |
| Nota de contenido con formato |
<br/> |
| 505 ## - NOTA DE CONTENIDO CON FORMATO |
| Nota de contenido con formato |
Introducción, 9.-- Glosario, 13.-- Los peligros, 15.-- El peligro de estar borracho, 17.-- El peligro de ser niño, 21.-- El peligro de expresar u oír inconveniencias, 25.-- El peligro de estudiar química, 35.-- El peligro de los brindis, 37.-- El peligro hasta en el Himno y la Bandera, 41.-- La diplomacia, 43.-- Los extraños servicios que se le solicitan a nuestro servicio diplomático, 45.-- El tratamiento dado a diplomáticos de gobiernos desafectos, 51.-- Correspondencia entre altos funcionarios de la nación, 55.-- Aspectos religiosos, 61.-- Un sacerdote criollo protesta por el derramamiento de sangre, 63.-- Un arzobispo extranjero protesta por los protestantes, 73.-- Testigos de Jehová = Comunistas, 79.-- La Iglesia hostil, 95.-- El comunismo, 101.-- El comunismo como trastornador de cerebros, 103.-- Las efigies de Stalin y Trujillo, 105.-- El comunismo y las "cosas extraordinarias" durante el período de tolerancia (1945-1946), 107.-- El comunismo y cómo combatirlo con actos culturales, 109.-- El comunismo durante la Guerra Fría, 113.-- Un Dilema Histórico, 115.-- Haití y la pureza de la sangre, la religión y el lenguaje, 121.-- La personalidad del dictador, 149.-- El Generalísimo ofrece cátedras de economía, 151.-- Un hombre seguro de sí mismo, 157.-- Correspondencia con sus ministros, 163.-- Correspondencia de Trujillo con uno de sus generales, 169.-- El Servicio de Inteligencia, 173.-- El Problema es que a los veganos la intelectualización les ha puesto los cerebros inquietos, 175.-- Las indiscreciones del Servicio Secreto, 183.-- El Servicio Secreto vigila hasta a los ancianos centenarios, 187.-- Recomendaciones de un ruso blanco, 189.-- Se espía a los supuestos nazistas, 191.-- El Servicio Secreto escucha hasta en los sanitarios, 193.-- Ya Turquilán está limpio, 195.-- La represión a nivel nacional, 197.-- Se suicidaron ellos mismos, 199.-- Índice onomástico, 203. |
| 590 ## - NOTA LOCAL (RLIN) |
| Nota local |
Inventariado, 2018/BT |
| 600 14 - PUNTO DE ACCESO ADICIONAL DE MATERIA--NOMBRE DE PERSONA |
| Nombre de persona |
Trujillo Molina, Rafael Leónidas, |
| Fechas asociadas al nombre |
1891-1961 |
| 9 (RLIN) |
54950 |
| 651 #4 - PUNTO DE ACCESO ADICIONAL DE MATERIA--NOMBRE GEOGRÁFICO |
| Nombre geográfico |
República Dominicana |
| Subdivisión general |
Vida social y costrumbres |
| Subdivisión cronológica |
Era de Trujillo, 1930-1961 |
| 9 (RLIN) |
52993 |
| 651 #4 - PUNTO DE ACCESO ADICIONAL DE MATERIA--NOMBRE GEOGRÁFICO |
| Nombre geográfico |
República Dominicana |
| Subdivisión general |
Política y gobierno |
| Subdivisión cronológica |
Era de Trujillo, 1930-1961 |
| 9 (RLIN) |
1374 |
| 700 1# - PUNTO DE ACCESO ADICIONAL--NOMBRE DE PERSONA |
| Nombre de persona |
Chez Checo, José, |
| Término indicativo de función/relación |
editor |
| Código de función/relación |
ed. |
| 9 (RLIN) |
80381 |
| 910 ## - DATOS DE OPCIÓN DEL USUARIO (OCLC) |
| Datos de opción del usuario |
Validado. control de calidad. MFF |
| 942 ## - ELEMENTOS DE PUNTO DE ACCESO ADICIONAL (KOHA) |
| Fuente del sistema de clasificación o colocación |
Dewey Decimal Classification |
| Tipo de ítem Koha |
Libro |